000
00255nam a22000857a 4500
008
160716b xxu||||| |||| 00| 0 eng d
100
_9
2959
_a
Britannica
245
_a
Britannica Ready Reference Encyclopedia
260
_a
New Delhi
_b
Encyclopedia Brittanicca
_c
2005
999
_c
2523
_d
2523